MARC details
| 000 -CABECERA |
| campo de control de longitud fija |
02613nam a2200313 u 4500 |
| 001 - NÚMERO DE CONTROL |
| campo de control |
Rebiun35743855 |
| 007 - CAMPO FIJO DE DESCRIPCIÓN FÍSICA--INFORMACIÓN GENERAL |
| campo de control de longitud fija |
ta |
| 008 - DATOS DE LONGITUD FIJA--INFORMACIÓN GENERAL |
| campo de control de longitud fija |
240527s2024 sp g 000pf spa d |
| 017 ## - NÚMERO DE COPYRIGHT O DE DEPÓSITO LEGAL |
| Número de copyright o de depósito legal |
B 3694-2024, |
| Agencia que asigna |
Biblioteca de Catalunya |
| 020 ## - NÚMERO INTERNACIONAL ESTÁNDAR DEL LIBRO |
| Número Internacional Estándar del Libro |
9788423365296 |
| 040 ## - FUENTE DE LA CATALOGACIÓN |
| Centro catalogador/agencia de origen |
UGR |
| Normas de descripción |
rda |
| Lengua de catalogación |
English |
| Centro/agencia transcriptor |
tbs |
| 041 ## - CÓDIGO DE LENGUA |
| Código de lengua del texto/banda sonora o título independiente |
Spanish |
| 100 ## - ENTRADA PRINCIPAL--NOMBRE DE PERSONA |
| Nombre de persona |
Gener, Ramon, |
| Término indicativo de función/relación |
author. |
| 9 (RLIN) |
25843 |
| 245 10 - MENCIÓN DE TÍTULO |
| Título |
Historia de un piano 31187 |
| Mención de responsabilidad, etc. |
/ Ramon Gener |
| 250 ## - MENCIÓN DE EDICIÓN |
| Mención de edición |
First edition: March 2024. Third impression: April 2024. |
| 264 #1 - PRODUCCIÓN, PUBLICACIÓN, DISTRIBUCIÓN, FABRICACIÓN Y COPYRIGHT |
| Producción, publicación, distribución, fabricación y copyright |
Barcelona : |
| Nombre del de productor, editor, distribuidor, fabricante |
Destino, |
| Fecha de producción, publicación, distribución, fabricación o copyright |
2024 |
| 264 #4 - PRODUCCIÓN, PUBLICACIÓN, DISTRIBUCIÓN, FABRICACIÓN Y COPYRIGHT |
| Fecha de producción, publicación, distribución, fabricación o copyright |
2024 |
| 300 ## - DESCRIPCIÓN FÍSICA |
| Extensión |
464 pages; |
| Dimensiones |
23 cm. |
| 490 0# - MENCIÓN DE SERIE |
| Mención de serie |
Áncora y delfín ; |
| Designación de volumen o secuencia |
1651 |
| 520 3# - SUMARIO, ETC. |
| Sumario, etc. |
El protagonista de esta novela encuentra el piano de sonido aterciopelado que siempre ha querido en una pequeña tienda de un barrio barcelonés. Janusz Borowski, un hombre misterioso nacido en un bosque al este de Polonia, le advierte de que se trata de un instrumento muy especial, que deberá cuidar. El piano de cola, con el número de serie 31887, es un Grotrian-Steinweg construido en 1915 en la ciudad alemana de Brunsvic. El inesperado descubrimiento de un secreto oculto en su interior llevará al protagonista a iniciar un largo viaje en un relato que recorre la Europa del siglo XX. Historia de un piano es una novela cautivadora sobre la vida de un instrumento que se convierte en metáfora del poder redentor del amor, de la amistad, de la belleza, y por supuesto, de la música. |
| 520 3# - SUMARIO, ETC. |
| Sumario, etc. |
The protagonist of this novel finds the velvety-sounding piano he’s always wanted in a small shop in a Barcelona neighborhood. Janusz Borowski, a mysterious man born in a forest in eastern Poland, warns him that it’s a very special instrument—one that must be handled with care. The grand piano, serial number 31887, is a Grotrian-Steinweg built in 1915 in the German city of Brunswick. The unexpected discovery of a hidden secret inside it leads the protagonist on a long journey through a story that traverses twentieth-century Europe.<br/><br/>History of a Piano is a captivating novel about the life of an instrument that becomes a metaphor for the redemptive power of love, friendship, beauty—and, of course, music.<br/>The Story of a Piano is a captivating novel about the life of an instrument that becomes a metaphor for the redemptive power of love, friendship, beauty – and, of course, music. |
| 586 ## - NOTA DE PREMIOS |
| Nota de premios |
Ramón Llull 2024 |
| 650 #0 - PUNTO DE ACCESO ADICIONAL DE MATERIA--TÉRMINO DE MATERIA |
| Término de materia o nombre geográfico como elemento de entrada |
Piano |
| Subdivisión de forma |
Fiction |
| 650 #0 - PUNTO DE ACCESO ADICIONAL DE MATERIA--TÉRMINO DE MATERIA |
| Término de materia o nombre geográfico como elemento de entrada |
Musicians |
| Subdivisión de forma |
Fiction |
| 650 #0 - PUNTO DE ACCESO ADICIONAL DE MATERIA--TÉRMINO DE MATERIA |
| Término de materia o nombre geográfico como elemento de entrada |
love |
| Subdivisión de forma |
Fiction |
| 9 (RLIN) |
24358 |
| 650 #0 - PUNTO DE ACCESO ADICIONAL DE MATERIA--TÉRMINO DE MATERIA |
| Término de materia o nombre geográfico como elemento de entrada |
Friendship |
| Subdivisión de forma |
Fiction |
| 9 (RLIN) |
23929 |
| 651 #0 - PUNTO DE ACCESO ADICIONAL DE MATERIA--NOMBRE GEOGRÁFICO |
| Nombre geográfico |
Europe |
| Subdivisión general |
History -- 20th century -- Fiction. |
| 942 ## - ELEMENTOS DE ENTRADA AGREGADA (KOHA) |
| Fuente del sistema de clasificación o colocación |
Clasificación de Library of Congress |